000 01056nam a2200253Ia 4500
999 _c46270
_d46270
001 13104
003 GE_BSU
005 20240819154918.0
008 181216s2013||||ge |||||||||||||| ||geo||
020 _a9789941038624
040 _cGE_BSU
041 _ageo
080 _a635(075.32) ბ-78
100 _aბობოქაშვილი, ზვიად
_912742
245 _aმებაღეობა :
_b სახელმძღვ. სახელობო პროფ. სწავლების სტუდენტებისათვის /
_cზ. ბობოქაშვილი, კ. ძერია.
250 _aმე-2 გამოცემა
264 _aთბილისი :
_b[?],
_c2013.
300 _a214 გვ. :
_bცხრ., ილ. ;
_c29 მ.
504 _aბიბლიოგრ. : გვ. 214-215
653 _aმებაღეობა
653 _aსახელმძღვანელოები
700 _aძერია, კუკური
_eავტორი
_923085
942 _cBK
_2udc